[Event "Mecklenburg VP VL1819"]
[Site "Mecklenburg VP"]
[Date "2018.10.21"]
[Round "1.2"]
[White "Ruesch, Hans Joachim"]
[Black "Jansen, Andreas"]
[Result "1/2-1/2"]
[WhiteElo "1959"]
[BlackElo "2056"]
[PlyCount "21"]
[EventDate "2018.10.21"]
[EventType "team-tourn"]
[EventRounds "9"]
[EventCountry "GER"]
[SourceTitle "EXT 2022"]
[Source "ChessBase"]
[SourceDate "2021.10.06"]
[SourceVersion "1"]
[SourceVersionDate "2021.10.06"]
[SourceQuality "1"]
[WhiteTeam "Warnemuende SF Ostsee"]
[BlackTeam "Graal Mueritz"]
[WhiteTeamCountry "GER"]
[BlackTeamCountry "GER"]

1. Nf3 g6 2. g3 Bg7 3. Bg2 d6 4. e4 c6 5. 0-0 Qc7 6. c3 Nd7 7. d4 e5 8. Qe2 Ngf6 9. dxe5 dxe5 10. Nbd2 0-0 11. a4 1/2-1/2

[Event "Mecklenburg VP VL 1718"]
[Site "Mecklenburg VP"]
[Date "2018.04.08"]
[Round "8.2"]
[White "Rossmann, Andreas"]
[Black "Ruesch, Hans Joachim"]
[Result "1/2-1/2"]
[WhiteElo "1942"]
[BlackElo "1998"]
[PlyCount "65"]
[EventDate "2017.10.08"]
[EventType "team-tourn"]
[EventRounds "9"]
[EventCountry "GER"]
[SourceTitle "EXT 2022"]
[Source "ChessBase"]
[SourceDate "2021.10.06"]
[SourceVersion "1"]
[SourceVersionDate "2021.10.06"]
[SourceQuality "1"]
[WhiteTeam "Neubrandenburg SG Eintracht"]
[BlackTeam "Warnemuende SF Ostsee"]
[WhiteTeamCountry "GER"]
[BlackTeamCountry "GER"]

1. Nf3 g6 2. g3 Bg7 3. Bg2 Nf6 4. 0-0 0-0 5. c4 d6 6. d4 Nbd7 7. Nc3 e5 8. e4 c6 9. h3 exd4 10. Nxd4 Qb6 11. Nb3 Ne5 12. c5 dxc5 13. Be3 Nfd7 14. Na4 Qc7 15. Nbxc5 Nxc5 16. Bxc5 Rd8 17. Qc2 Be6 18. f4 Nc4 19. Rad1 b6 20. Bf2 Rxd1 21. Rxd1 Rd8 22. b3 Rxd1+ 23. Qxd1 Nd6 24. Qd3 f5 25. e5 Ne4 26. Bxe4 fxe4 27. Qxe4 Bxh3 28. Qc4+ Kf8 29. Nc3 Qd7 30. Ne4 Be6 31. Qd4 Bd5 32. Nc3 Be6 33. Ne4 1/2-1/2

[Event "Rostock SSC op 16th"]
[Site "Rostock"]
[Date "2017.07.26"]
[Round "2"]
[White "Ivanov, Sergey"]
[Black "Ruesch, Hans Joachim"]
[Result "1-0"]
[WhiteElo "1819"]
[BlackElo "2072"]
[PlyCount "109"]
[EventDate "2017.07.26"]
[EventType "swiss"]
[EventRounds "7"]
[EventCountry "GER"]
[SourceTitle "EXT 2018"]
[Source "ChessBase"]
[SourceDate "2017.10.13"]
[SourceVersion "1"]
[SourceVersionDate "2017.10.13"]
[SourceQuality "1"]

1. c4 g6 2. Nc3 Bg7 3. d4 d6 4. e4 Nf6 5. Be2 0-0 6. Be3 e5 7. d5 Nbd7 8. Qd2 Nc5 9. f3 a5 10. g4 Ne8 11. Bg5 f6 12. Bh6 f5 13. 0-0-0 f4 14. Bxg7 Kxg7 15. h4 h6 16. Nh3 a4 17. Nf2 Bd7 18. Nd3 Nxd3+ 19. Qxd3 Qb8 20. Bf1 Qa7 21. Bh3 Kh7 22. Qe2 Qc5 23. Kb1 Rf7 24. Rc1 Ng7 25. Nd1 Rb8 26. Qf2 Qa5 27. c5 Ne8 28. Qe1 Qxe1 29. Rxe1 h5 30. Nf2 hxg4 31. Bxg4 Bxg4 32. Nxg4 Ng7 33. cxd6 cxd6 34. Rc4 b5 35. Rc6 Ne8 36. Rec1 Kg7 37. Rc8 Rfb7 38. Rxb8 Rxb8 39. Rc6 Kf7 40. Kc2 Ke7 41. b3 axb3+ 42. Kxb3 Kd8 43. Nh6 Rb7 44. Kb4 Ra7 45. a3 Ra4+ 46. Kb3 Kd7 47. Nf7 Rd4 48. Nh8 Rd3+ 49. Rc3 Rxc3+ 50. Kxc3 Ke7 51. Nxg6+ Kf7 52. h5 Nf6 53. Nh4 Nxh5 54. Nf5 Ng3 55. Nxd6+ 1-0

[Event "Mecklenburg VP LL 1617"]
[Site "Mecklenburg VP"]
[Date "2016.11.20"]
[Round "3.1"]
[White "Jeske, Holger"]
[Black "Ruesch, Hans Joachim"]
[Result "0-1"]
[WhiteElo "1852"]
[BlackElo "1962"]
[PlyCount "70"]
[EventDate "2016.10.16"]
[EventType "team-tourn"]
[EventRounds "9"]
[EventCountry "GER"]
[SourceTitle "EXT 2022"]
[Source "ChessBase"]
[SourceDate "2021.10.06"]
[SourceVersion "1"]
[SourceVersionDate "2021.10.06"]
[SourceQuality "1"]
[WhiteTeam "Rostock SSC 07 II"]
[BlackTeam "Warnemuende SF Ostsee"]
[WhiteTeamCountry "GER"]
[BlackTeamCountry "GER"]

1. d4 g6 2. c4 Bg7 3. Nc3 d6 4. e4 Nf6 5. f3 0-0 6. Be3 Nc6 7. Qd2 a6 8. Nge2 Rb8 9. g4 b5 10. cxb5 axb5 11. Ng3 b4 12. Nd1 e5 13. d5 Nd4 14. Bxd4 exd4 15. Nf2 Re8 16. Be2 Nd7 17. h4 c5 18. f4 Nb6 19. Rc1 f5 20. gxf5 gxf5 21. Kf1 Kh8 22. Bb5 Nxd5 23. exd5 Rxb5 24. Qd3 c4 25. Rxc4 Rxd5 26. Rxc8 Qxc8 27. Nd1 Qc1 28. Qf3 Rc5 29. Kg2 Rc7 30. Kh3 Qc5 31. Qh5 Rf8 32. Re1 Qd5 33. b3 Ra7 34. Qg5 Rxa2 35. Nh5 Qf3+ 0-1

[Event "Mecklenburg VP VL 1516"]
[Site "Mecklenburg VP"]
[Date "2016.04.10"]
[Round "8.1"]
[White "Ruesch, Hans Joachim"]
[Black "Littke, Helmut"]
[Result "1/2-1/2"]
[WhiteElo "1919"]
[BlackElo "1954"]
[PlyCount "47"]
[EventDate "2015.09.20"]
[EventType "team-tourn"]
[EventRounds "9"]
[EventCountry "GER"]
[SourceTitle "EXT 2022"]
[Source "ChessBase"]
[SourceDate "2021.10.06"]
[SourceVersion "1"]
[SourceVersionDate "2021.10.06"]
[SourceQuality "1"]
[WhiteTeam "Warnemuende SF Ostsee"]
[BlackTeam "Wismar ASV Gruen-Weiss"]
[WhiteTeamCountry "GER"]
[BlackTeamCountry "GER"]

1. d4 d5 2. Nf3 Nf6 3. c4 c6 4. Nc3 e6 5. e3 Bd6 6. Bd3 dxc4 7. Bxc4 0-0 8. 0-0 Nbd7 9. Qe2 e5 10. dxe5 Nxe5 11. Nxe5 Bxe5 12. h3 b5 13. Bd3 Be6 14. Rd1 Qe7 15. Ne4 Nxe4 16. Bxe4 Bd7 17. Qc2 h6 18. Bd2 Rac8 19. Ba5 c5 20. Rd2 Bc7 21. Rad1 Be6 22. Bxc7 Rxc7 23. Bh7+ Kh8 24. Bf5 1/2-1/2

[Event "Mecklenburg VP VL 1415"]
[Site "Mecklenburg VP"]
[Date "2014.11.09"]
[Round "2.2"]
[White "Ruesch, Hans Joachim"]
[Black "Engel, Gunnar"]
[Result "1/2-1/2"]
[WhiteElo "1976"]
[BlackElo "2016"]
[PlyCount "29"]
[EventDate "2014.09.21"]
[EventType "team-tourn"]
[EventRounds "9"]
[EventCountry "GER"]
[SourceTitle "EXT 2022"]
[Source "ChessBase"]
[SourceDate "2021.10.06"]
[SourceVersion "1"]
[SourceVersionDate "2021.10.06"]
[SourceQuality "1"]
[WhiteTeam "Warnemuende SF Ostsee"]
[BlackTeam "Rostock SSC 07 II"]
[WhiteTeamCountry "GER"]
[BlackTeamCountry "GER"]

1. d4 Nf6 2. c4 g6 3. Nc3 Bg7 4. e4 d6 5. h3 0-0 6. Be3 c6 7. g4 e5 8. d5 cxd5 9. cxd5 Na6 10. Nf3 Qa5 11. Nd2 Nc5 12. Nb3 Qb4 13. Nxc5 dxc5 14. a3 Qa5 15. Bd2 1/2-1/2

[Event "Rostock SSC op 12th"]
[Site "Rostock"]
[Date "2013.07.31"]
[Round "1"]
[White "Kreutz, Ralf"]
[Black "Ruesch, Hans Joachim"]
[Result "0-1"]
[WhiteElo "1573"]
[BlackElo "2051"]
[PlyCount "94"]
[EventDate "2013.07.31"]
[EventType "swiss"]
[EventRounds "7"]
[EventCountry "GER"]
[SourceTitle "EXT 2018"]
[Source "ChessBase"]
[SourceDate "2017.10.13"]
[SourceVersion "1"]
[SourceVersionDate "2017.10.13"]
[SourceQuality "1"]

1. e4 g6 2. Nf3 Bg7 3. d4 d6 4. Be3 Nf6 5. Nbd2 0-0 6. c3 Nc6 7. Be2 e5 8. d5 Ne7 9. h3 Nh5 10. Nh2 Nf4 11. Bxf4 exf4 12. Qc2 f5 13. 0-0-0 fxe4 14. Nxe4 Bf5 15. Bg4 c5 16. Nf3 Qa5 17. Bxf5 Nxf5 18. a3 b5 19. Nfg5 b4 20. a4 bxc3 21. bxc3 Rfb8 22. Kd2 Nd4 23. Qd3 Rb2+ 24. Ke1 Nf5 25. Ne6 Be5 26. h4 Qxa4 27. h5 Qd7 28. hxg6 hxg6 29. N4g5 Qb5 30. Qxb5 Bxc3+ 31. Kf1 Rxb5 32. Nc7 Rab8 33. Nxb5 Rxb5 34. Rh7 Bf6 35. Rxa7 Bxg5 36. Rda1 Bf6 37. Re1 Be5 38. Ke2 c4 39. Kf3 Rxd5 40. Rb1 Rd3+ 41. Kg4 Rb3 42. Rh1 Bf6 43. Re1 Rb8 44. Re6 Rf8 45. Kxf4 Nd4 46. Re4 c3 47. Rc7 Bd8+ 0-1

[Event "Mecklenburg VP VL 1213"]
[Site "Mecklenburg VP"]
[Date "2013.03.17"]
[Round "7.1"]
[White "Ruesch, Hans Joachim"]
[Black "Knuth, Hannes"]
[Result "0-1"]
[WhiteElo "2002"]
[BlackElo "2340"]
[PlyCount "76"]
[EventDate "2012.10.14"]
[EventType "team-tourn"]
[EventRounds "9"]
[EventCountry "GER"]
[SourceTitle "EXT 2022"]
[Source "ChessBase"]
[SourceDate "2021.10.06"]
[SourceVersion "1"]
[SourceVersionDate "2021.10.06"]
[SourceQuality "1"]
[WhiteTeam "Warnemuende SF Ostsee"]
[BlackTeam "Schwerin SF"]
[WhiteTeamCountry "GER"]
[BlackTeamCountry "GER"]

1. d4 Nf6 2. c4 e6 3. g3 Bb4+ 4. Bd2 c5 5. Bxb4 cxb4 6. Nf3 b6 7. Bg2 Bb7 8. 0-0 0-0 9. Ne5 Bxg2 10. Kxg2 Qc7 11. Nd2 Nc6 12. Nef3 a5 13. Rc1 d6 14. Qc2 Rac8 15. Ne4 Nxe4 16. Qxe4 Qe7 17. Rfd1 Qf6 18. Qf4 Qxf4 19. gxf4 Ne7 20. Ne1 Rc7 21. b3 Rfc8 22. Nd3 f6 23. e4 Kf7 24. Kf3 f5 25. e5 d5 26. Nb2 Kf8 27. Ra1 dxc4 28. Nxc4 Rxc4 29. bxc4 Rxc4 30. a4 Rc3+ 31. Ke2 Nd5 32. Rac1 Nxf4+ 33. Kf1 Nd5 34. Rb1 Ke7 35. Ke2 Kd7 36. Kd2 Rf3 37. Ke2 Ra3 38. Ra1 Nc3+ 0-1

[Event "Mecklenburg VP VL 1213"]
[Site "Mecklenburg VP"]
[Date "2012.11.11"]
[Round "2.1"]
[White "Westphal, Wolfgang"]
[Black "Ruesch, Hans Joachim"]
[Result "1-0"]
[WhiteElo "2121"]
[BlackElo "2002"]
[PlyCount "137"]
[EventDate "2012.10.14"]
[EventType "team-tourn"]
[EventRounds "9"]
[EventCountry "GER"]
[SourceTitle "EXT 2022"]
[Source "ChessBase"]
[SourceDate "2021.10.06"]
[SourceVersion "1"]
[SourceVersionDate "2021.10.06"]
[SourceQuality "1"]
[WhiteTeam "Schwerin SF II"]
[BlackTeam "Warnemuende SF Ostsee"]
[WhiteTeamCountry "GER"]
[BlackTeamCountry "GER"]

1. e4 g6 2. d4 Bg7 3. c3 d6 4. Bd3 Nf6 5. Nf3 0-0 6. h3 c5 7. 0-0 cxd4 8. cxd4 Nc6 9. Nc3 e5 10. d5 Ne7 11. Bg5 h6 12. Bxf6 Bxf6 13. Qd2 Kh7 14. Rac1 a6 15. Rc2 g5 16. Rfc1 Ng6 17. Nd1 g4 18. hxg4 Bxg4 19. Nh2 Bxd1 20. Rxd1 Rc8 21. Rxc8 Qxc8 22. Rc1 Qb8 23. Rc3 Rc8 24. Qc2 Rxc3 25. Qxc3 Kg7 26. g3 Qd8 27. Ng4 Qd7 28. Ne3 Ne7 29. Qb4 Qc7 30. Nc4 Nc8 31. a4 Bg5 32. Bf1 Be7 33. Bh3 Kf8 34. Kg2 h5 35. Bf5 Kg8 36. b3 h4 37. gxh4 Bxh4 38. a5 Be7 39. Qc3 Na7 40. Qh3 Bf6 41. Qh6 Bg7 42. Qxd6 Nb5 43. Qxc7 Nxc7 44. d6 Ne6 45. Bxe6 fxe6 46. f4 exf4 47. e5 Kf7 48. Kf3 Bh6 49. Nb2 Bg5 50. Nd3 Bd8 51. b4 b6 52. b5 bxa5 53. bxa6 Bb6 54. Nb2 Ba7 55. Kxf4 Ke8 56. Ke4 Kd7 57. Kd3 Kc6 58. Na4 Bf2 59. Kc4 Be3 60. Nc3 Kb6 61. Nd5+ exd5+ 62. Kxd5 a4 63. e6 a3 64. e7 a2 65. d7 Kxa6 66. e8Q a1Q 67. Qa8+ Ba7 68. Qc8+ Kb5 69. Qc4+ 1-0

[Event "Rostock SSC 07 op 11th"]
[Site "Rostock"]
[Date "2012.08.05"]
[Round "7"]
[White "Ruesch, Hans Joachim"]
[Black "Ispirjan, Mikael"]
[Result "1-0"]
[WhiteElo "2093"]
[BlackElo "1946"]
[PlyCount "111"]
[EventDate "2012.08.01"]
[EventType "swiss"]
[EventRounds "7"]
[EventCountry "GER"]
[SourceTitle "EXT 2017"]
[Source "ChessBase"]
[SourceDate "2016.10.25"]
[SourceVersion "1"]
[SourceVersionDate "2016.10.25"]
[SourceQuality "1"]

1. d4 Nf6 2. c4 c5 3. d5 e6 4. Nc3 exd5 5. cxd5 d6 6. e4 g6 7. Nf3 Bg7 8. Be2 0-0 9. 0-0 a6 10. a4 Nbd7 11. Bf4 Qc7 12. Nd2 Ne8 13. Bg3 f5 14. exf5 Rxf5 15. Bg4 Rf8 16. Be6+ Kh8 17. Nc4 Nb6 18. Ne3 Bxe6 19. dxe6 Qe7 20. Re1 Be5 21. Bxe5+ dxe5 22. a5 Nc8 23. Qd7 Ned6 24. Ned5 Qh4 25. e7 Nxe7 26. Qxe7 Qxf2+ 27. Kh1 Nf5 28. Qxe5+ Ng7 29. Ne4 Qh4 30. Qg3 Qxg3 31. Nxg3 Rf2 32. Re2 Rxe2 33. Nxe2 Re8 34. Nec3 Nf5 35. Kg1 Kg7 36. Na4 Nd4 37. Ndc3 Nb3 38. Rd1 Nxa5 39. Nxc5 Kh6 40. Rd7 Re5 41. Nxb7 Nc4 42. Nd6 Nxd6 43. Rxd6 a5 44. Kf2 Re7 45. Rd5 Rb7 46. Na4 Rb4 47. Rxa5 g5 48. Ke3 Kh5 49. Kd3 Kg4 50. Kc3 Rf4 51. Rd5 Rxa4 52. Rd4+ Rxd4 53. Kxd4 h5 54. b4 h4 55. Ke4 h3 56. g3 1-0

[Event "Rostock SSC 07 op 11th"]
[Site "Rostock"]
[Date "2012.08.02"]
[Round "3"]
[White "Burmeister, Rick"]
[Black "Ruesch, Hans Joachim"]
[Result "1-0"]
[WhiteElo "2269"]
[BlackElo "2093"]
[PlyCount "47"]
[EventDate "2012.08.01"]
[EventType "swiss"]
[EventRounds "7"]
[EventCountry "GER"]
[SourceTitle "EXT 2017"]
[Source "ChessBase"]
[SourceDate "2016.10.25"]
[SourceVersion "1"]
[SourceVersionDate "2016.10.25"]
[SourceQuality "1"]

1. e4 g6 2. d4 c6 3. Nf3 b5 4. a4 b4 5. a5 d5 6. Nbd2 Bg7 7. e5 Bf5 8. Nb3 Nd7 9. Bd2 Rb8 10. Ra4 c5 11. Nxc5 Nxc5 12. dxc5 Qc7 13. Rxb4 Rxb4 14. Bxb4 Be4 15. Bc3 Qxc5 16. Qd4 Qc7 17. Ng5 Qb7 18. a6 Qa8 19. Nxe4 dxe4 20. Bb5+ Kf8 21. Qd7 Bh6 22. 0-0 e3 23. Qb7 Qd8 24. Qxa7 1-0